Catálogo de la Biblioteca Horacio González - Universidad Nacional de General Sarmiento

La ratita presumida (Registro nro. 66694)

Detalles MARC
000 -CABECERA
campo de control de longitud fija 00712nam a22002654a 4500
001 - NÚMERO DE CONTROL
campo de control UByD003979
003 - IDENTIFICADOR DEL NÚMERO DE CONTROL
campo de control AR-LpoUNG
005 - FECHA Y HORA DE LA ÚLTIMA TRANSACCIÓN
campo de control 20260114170359.0
008 - DATOS DE LONGITUD FIJA--INFORMACIÓN GENERAL
campo de control de longitud fija 250512s200u||||ag a bf 000|1 spa d
040 ## - FUENTE DE LA CATALOGACIÓN
Centro catalogador/agencia de origen AR-LpoUNG
Lengua de catalogación spa
Centro/agencia transcriptor AR-LpoUNG
Normas de descripción aacr
041 0# - CÓDIGO DE LENGUA
Código de lengua del texto/banda sonora o título independiente spa
044 ## - CÓDIGO DEL PAÍS DE LA ENTIDAD EDITORA/PRODUCTORA
Código MARC del país ag
082 0# - NÚMERO DE LA CLASIFICACIÓN DECIMAL DEWEY
Número de clasificación 808.068 3 454rat
100 1# - ENTRADA PRINCIPAL--NOMBRE DE PERSONA
Nombre de persona Perrault, Charles
245 13 - MENCIÓN DE TÍTULO
Título La ratita presumida
260 ## - PUBLICACIÓN, DISTRIBUCIÓN, ETC.
Lugar de publicación, distribución, etc. s.l. :
Nombre del editor, distribuidor, etc. s.n,
Fecha de publicación, distribución, etc. 200?.
300 ## - DESCRIPCIÓN FÍSICA
Extensión [21] h. :
Otras características físicas en braille
505 0# - NOTA DE CONTENIDO CON FORMATO
Nota de contenido con formato Impreso en braille.
505 0# - NOTA DE CONTENIDO CON FORMATO
Nota de contenido con formato Ilustraciones en relieve.
650 #4 - PUNTO DE ACCESO ADICIONAL DE MATERIA--TÉRMINO DE MATERIA
Término de materia o nombre geográfico como elemento de entrada Literatura
650 #4 - PUNTO DE ACCESO ADICIONAL DE MATERIA--TÉRMINO DE MATERIA
Término de materia o nombre geográfico como elemento de entrada Cuentos
653 #0 - TÉRMINO DE INDIZACIÓN--NO CONTROLADO
Término no controlado Literatura infantil
942 ## - ELEMENTOS DE PUNTO DE ACCESO ADICIONAL (KOHA)
Tipo de ítem Koha Libro
Fuente del sistema de clasificación o colocación Dewey Decimal Classification
Existencias
Estado de retiro Estado de pérdida Fuente del sistema de clasificación o colocación Estado dañado No para préstamo Código de colección Localización permanente Ubicación/localización actual Fecha de adquisición Total de préstamos Signatura topográfica completa Código de barras Fecha visto por última vez Precio válido a partir de Tipo de ítem Koha
    Dewey Decimal Classification     Colección Literatura infantojuvenil Biblioteca Universidad Nacional de General Sarmiento Biblioteca Universidad Nacional de General Sarmiento 12/05/2025   808.068 3 454rat LI00067350 12/05/2025 12/05/2025 Libro